| 000 | 07771 a2200565 4500 | ||
|---|---|---|---|
| 005 | 20080910130221.0 | ||
| 008 | 080910t xxu||||| |||| 00| 0 hin d | ||
| 010 | _aHIN-79465 B-294646-669 | ||
| 020 |
_a9788170564034 _c80.00 |
||
| 035 | _aHN-51811 B-294646-669 | ||
| 037 | _bD.B.Act / pub पंचशील प्रकाशन | ||
| 040 |
_adpl _bHN |
||
| 082 | _a822 | ||
| 100 | _aसोफ़ोक्लीज़ | ||
| 245 |
_aएन्टीगनी:ग्रीक नाटक _cसोफ़ोक्लीज़ अनुवादक रणवीर सिंह |
||
| 246 |
_aAntigani _bby Sofocleese |
||
| 260 |
_aजयपुर _bपंचशील प्रकाशन, _c2007 |
||
| 270 |
_aफिल्म कालोनी,चौड़ा रास्ता _bजयपुर _e302003(राज.) _k0141-2315072 _l5113854 _mpanchsheel_j@sify.com |
||
| 300 |
_a52पृ _c22 सेमी (सजिल्द) |
||
| 650 | _a Greek Play | ||
| 650 | _aग्रीक नाटक | ||
| 700 | _aरणवीर सिंह | ||
| 942 |
_adpl _cHN _2ddc _h822 _mसोफो़क्ली |
||
| 999 |
_c2794 _d2794 |
||